Textbook of Engineering Mechanics in SI Units with Free E book Subscription (Record no. 12581)

MARC details
000 -LEADER
fixed length control field 00432nam a22001697a 4500
003 - CONTROL NUMBER IDENTIFIER
control field OSt
008 - FIXED-LENGTH DATA ELEMENTS--GENERAL INFORMATION
fixed length control field 240429b |||||||| |||| 00| 0 eng d
020 ## - INTERNATIONAL STANDARD BOOK NUMBER
International Standard Book Number 9789352833962
082 ## - DEWEY DECIMAL CLASSIFICATION NUMBER
Classification number 620.1 KHT
100 ## - MAIN ENTRY--PERSONAL NAME
Personal name KHURMI,RS
245 ## - TITLE STATEMENT
Title Textbook of Engineering Mechanics in SI Units with Free E book Subscription
250 ## - EDITION STATEMENT
Edition statement 22nd Ed
260 ## - PUBLICATION, DISTRIBUTION, ETC. (IMPRINT)
Place of publication, distribution, etc New Delhi
Name of publisher, distributor, etc S.Chand
Date of publication, distribution, etc 2024
300 ## - PHYSICAL DESCRIPTION
Extent 755
700 ## - ADDED ENTRY--PERSONAL NAME
Personal name KHURMI,N
942 ## - ADDED ENTRY ELEMENTS (KOHA)
Source of classification or shelving scheme Dewey Decimal Classification
Koha item type Text Books
Holdings
Withdrawn status Lost status Source of classification or shelving scheme Damaged status Not for loan Collection code Home library Current library Date acquired Source of acquisition Currency Cost, normal purchase price Bill Number Total Checkouts Full call number Acc. no. / Barcode Date last seen Actual Cost, discounted price Bill Date Koha item type
    Dewey Decimal Classification     B.Tech(CE) PIET C-LIBRARY PIET C-LIBRARY 23/03/2024 Zafaa Books and Distributors In rupees 895.00 ZBD0469   620.1 KHT 36852 29/04/2024 626.50 23/03/2024 Reference Books
    Dewey Decimal Classification     B.Tech(CE) PIET C-LIBRARY PIET C-LIBRARY 23/03/2024 Zafaa Books and Distributors In rupees 895.00 ZBD0469   620.1 KHT 36853 29/04/2024 626.50 23/03/2024 Text Books

Design & Developed by: PIET Central Library
R70 Miles Stone Pattikalyana Samalkha Panipat 132102
mail ID :- [email protected], Phone No:- 0180-2569700 Ex.216